Luyện tập và tự kiểm tra, đánh giá theo chuẩn kiến thức, kĩ năng vật lí 10 : Nâng cao

Nội dung sách giới thiệu một số bài tập về vật lí cho học sinh các trường trung học phổ thông chuyên và nội dung bồi dưỡng học sinh giỏi.

Guardado en:
Detalles Bibliográficos
Autor principal: Nguyễn, Văn Thuận
Formato: Libro
Lenguaje:Undetermined
Publicado: Hà Nội Giáo dục Việt Nam 2012
Materias:
Etiquetas: Agregar Etiqueta
Sin Etiquetas, Sea el primero en etiquetar este registro!
Thư viện lưu trữ: Trung tâm Học liệu Trường Đại học Cần Thơ
LEADER 00975nam a2200217Ia 4500
001 CTU_190927
008 210402s9999 xx 000 0 und d
082 |a 530.0712 
082 |b Th502 
100 |a Nguyễn, Văn Thuận 
245 0 |a Luyện tập và tự kiểm tra, đánh giá theo chuẩn kiến thức, kĩ năng vật lí 10 : 
245 0 |b Nâng cao 
245 0 |c Nguyễn Văn Thuận chủ biên ... [et al.] 
260 |a Hà Nội 
260 |b Giáo dục Việt Nam 
260 |c 2012 
520 |a Nội dung sách giới thiệu một số bài tập về vật lí cho học sinh các trường trung học phổ thông chuyên và nội dung bồi dưỡng học sinh giỏi. 
650 |a Physics,Vật lý 
650 |x Study and teaching (Secondary),Dạy và học (trung học) 
904 |i Tuyến 
980 |a Trung tâm Học liệu Trường Đại học Cần Thơ